00585nam a2200169 a 4500008004100000020002200041040005100063100002700114245007400141260004500215300003200260500002000292504004100312650004400353003000100397005001700398  a0471572462 (hbk.) aMAINcNUSTc(25561)c(26130)c(26189)c(26190)1 aBidlingmeyer, Brian A.10aPractical HPLC methodology and applications /cBrian A. Bidlingmeyer. aNew York :bJohn Wiley and Sons,cc1992. ax, 452 p. :bill. ;c25 cm. aIncludes index. aIncludes bibliographical references. 0aHigh performance liquid chromatography.20230123133946.0